| 000 | 00635cam a22001571 4500 | ||
|---|---|---|---|
| 082 |
_a668.4 _bBRO _cL-7, P-4. |
||
| 100 | 1 |
_aBrown, Derek Warburton. _944876 |
|
| 245 | 1 | 0 |
_aHandbook of engineering plastics; _ba reference book for engineers and others interested in plastics as applied in the engineering and allied industries, _cby D. Warburton Brown with 138 illustrations. |
| 260 |
_aLondon, _bG. Newnes _c[1943] |
||
| 300 |
_aviii, 216 p. _billus., tables, diagrs. _c23 cm. |
||
| 500 | _a"First published, 1943." | ||
| 526 |
_a0 _b0 _c0 _d668_400000000000000_BRO |
||
| 650 | 0 |
_aMCE _9379 |
|
| 650 | 0 |
_aPlastics. _935927 |
|
| 942 |
_2ddc _cBK |
||
| 999 |
_c548530 _d548530 |
||